[Event "HUN-chT2 Szechenyi 2223"]
[Site "Hungary"]
[Date "2023.01.29"]
[Round "4.7"]
[White "Simo, Judit"]
[Black "Zamodics, Ferenc"]
[Result "1/2-1/2"]
[WhiteElo "1818"]
[BlackElo "1775"]
[PlyCount "49"]
[EventDate "2022.11.20"]
[EventType "team-tourn"]
[EventRounds "9"]
[EventCountry "HUN"]
[SourceTitle "EXT 2025"]
[Source "ChessBase"]
[SourceDate "2024.10.14"]
[SourceVersion "1"]
[SourceVersionDate "2024.10.14"]
[SourceQuality "1"]
[WhiteTeam "Tapolca VSE II"]
[BlackTeam "Arboretum Hereny KSE"]
[WhiteTeamCountry "HUN"]
[BlackTeamCountry "HUN"]

1. e4 c5 2. Nf3 e6 3. d4 cxd4 4. Nxd4 a6 5. Nc3 b5 6. a3 Qc7 7. Be2 Bb7 8. 0-0 Nf6 9. Bf3 d6 10. Re1 Be7 11. e5 dxe5 12. Bxb7 Qxb7 13. Rxe5 0-0 14. Qe2 Nbd7 15. Rg5 Rfe8 16. Rg3 Rac8 17. Bh6 g6 18. Rd1 b4 19. axb4 Bxb4 20. Rh3 Bf8 21. Bxf8 Rxf8 22. Nb3 Qc6 23. Na5 Qc5 24. Nb3 Qb6 25. Qd2 1/2-1/2

[Event "HUN-chT2 Asztalos 2122"]
[Site "Hungary"]
[Date "2022.04.10"]
[Round "9.7"]
[White "Zamodics, Ferenc"]
[Black "Zelenak, Donat"]
[Result "1/2-1/2"]
[WhiteElo "1792"]
[BlackElo "1853"]
[PlyCount "50"]
[EventDate "2021.10.10"]
[EventType "team-tourn"]
[EventRounds "9"]
[EventCountry "HUN"]
[SourceTitle "EXT 2025"]
[Source "ChessBase"]
[SourceDate "2024.10.14"]
[SourceVersion "1"]
[SourceVersionDate "2024.10.14"]
[SourceQuality "1"]
[WhiteTeam "Kaposvar Bastya"]
[BlackTeam "Racalmas Kiralysakk"]
[WhiteTeamCountry "HUN"]
[BlackTeamCountry "HUN"]

1. d4 Nf6 2. c4 e6 3. Nc3 Bb4 4. Qc2 0-0 5. e4 d5 6. cxd5 exd5 7. e5 Ne4 8. Bd3 c5 9. Nge2 Nc6 10. Be3 cxd4 11. Nxd4 Nxe5 12. Bxe4 dxe4 13. Qxe4 Re8 14. 0-0 Ng4 15. Qf3 Qh4 16. h3 Bd6 17. Bf4 Ne5 18. Qg3 Qxg3 19. Bxg3 a6 20. Rfe1 Bd7 21. Rad1 Rad8 22. Ne4 Bb4 23. Nc3 f6 24. a3 Bxc3 25. bxc3 Ba4 1/2-1/2

[Event "HUN-chT2 Asztalos 1819"]
[Site "Hungary"]
[Date "2018.12.02"]
[Round "3.8"]
[White "Dios, Laszlo"]
[Black "Zamodics, Ferenc"]
[Result "1-0"]
[WhiteElo "1770"]
[BlackElo "1830"]
[PlyCount "69"]
[EventDate "2018.10.28"]
[EventType "team-tourn"]
[EventRounds "9"]
[EventCountry "HUN"]
[SourceTitle "CBM 189 Extra"]
[Source "ChessBase"]
[SourceDate "2019.05.31"]
[SourceVersion "1"]
[SourceVersionDate "2019.05.31"]
[SourceQuality "1"]
[WhiteTeam "Szentlorinc"]
[BlackTeam "Komlo"]
[WhiteTeamCountry "HUN"]
[BlackTeamCountry "HUN"]

1. e4 c5 2. f4 e6 3. Nf3 Qc7 4. g3 a6 5. Nc3 b5 6. Bg2 Bb7 7. d3 Nf6 8. 0-0 b4 9. Ne2 d6 10. h3 Nbd7 11. b3 Be7 12. Bb2 0-0 13. g4 g6 14. Ng3 d5 15. e5 Ne8 16. d4 cxd4 17. Bxd4 f6 18. h4 fxe5 19. fxe5 Ng7 20. Qd2 Rf7 21. h5 gxh5 22. Nxh5 Nxh5 23. gxh5 Rg7 24. Kh2 Nc5 25. Bh3 Kh8 26. Rg1 Ne4 27. Qe2 Bg5 28. Nxg5 Nxg5 29. Raf1 Rc8 30. Rf2 h6 31. Rgg2 Kh7 32. Rf6 Nxh3 33. Rxg7+ Qxg7 34. Kxh3 Rf8 35. Qd3+ 1-0

[Event "HUN-chT2 Asztalos 1718"]
[Site "Hungary"]
[Date "2018.05.06"]
[Round "9.5"]
[White "Arato, Bela"]
[Black "Zamodics, Ferenc"]
[Result "1/2-1/2"]
[WhiteElo "2113"]
[BlackElo "1811"]
[PlyCount "28"]
[EventDate "2017.10.29"]
[EventType "team-tourn"]
[EventRounds "9"]
[EventCountry "HUN"]
[SourceTitle "EXT 2021"]
[Source "ChessBase"]
[SourceDate "2020.10.23"]
[SourceVersion "1"]
[SourceVersionDate "2020.10.23"]
[SourceQuality "1"]
[WhiteTeam "Baja"]
[BlackTeam "Komlo Banyasz II"]
[WhiteTeamCountry "HUN"]
[BlackTeamCountry "HUN"]

1. e4 c5 2. Nf3 e6 3. d4 cxd4 4. Nxd4 a6 5. Nc3 Qc7 6. f4 b5 7. a3 Bb7 8. Bd3 Nf6 9. Nb3 b4 10. axb4 Bxb4 11. Bd2 Bxc3 12. Bxc3 Qxf4 13. Rc1 Qe3+ 14. Qe2 Qxe2+ 1/2-1/2

[Event "HUN-chT2 Asztalos 1718"]
[Site "Hungary"]
[Date "2017.12.17"]
[Round "4.7"]
[White "Zamodics, Ferenc"]
[Black "Zelenak, Donat"]
[Result "1/2-1/2"]
[WhiteElo "1811"]
[BlackElo "1841"]
[PlyCount "92"]
[EventDate "2017.10.29"]
[EventType "team-tourn"]
[EventRounds "9"]
[EventCountry "HUN"]
[SourceTitle "EXT 2021"]
[Source "ChessBase"]
[SourceDate "2020.10.23"]
[SourceVersion "1"]
[SourceVersionDate "2020.10.23"]
[SourceQuality "1"]
[WhiteTeam "Komlo Banyasz II"]
[BlackTeam "Kiraly Sakk"]
[WhiteTeamCountry "HUN"]
[BlackTeamCountry "HUN"]

1. d4 d5 2. c4 c6 3. Nc3 Nf6 4. e3 a6 5. Nf3 Nbd7 6. cxd5 cxd5 7. Bd3 g6 8. 0-0 Bg7 9. Re1 0-0 10. a3 b5 11. b4 Bb7 12. a4 bxa4 13. Nxa4 Ne4 14. Bb2 Bc6 15. Qb3 Qb8 16. Rec1 Bb5 17. Bxe4 dxe4 18. Nd2 Qb7 19. Nc5 Nxc5 20. bxc5 Rfd8 21. Nc4 Qd5 22. Qb4 Bxc4 23. Qxc4 e6 24. g3 Qc6 25. Ra5 Rdb8 26. Bc3 Rb5 27. Rca1 Rxa5 28. Rxa5 Bf6 29. Qa4 Qxa4 30. Rxa4 Kf8 31. Ba5 Ke8 32. c6 Rc8 33. c7 Kd7 34. Rb4 Be7 35. Rb6 Rxc7 36. Rxa6 Rb7 37. Kg2 Bd6 38. Ra8 Bc7 39. Bxc7 Rxc7 40. h4 h5 41. Ra5 Kd6 42. g4 hxg4 43. Rg5 Rc1 44. Rxg4 Kd5 45. Rg5+ Kd6 46. Rg4 Kd5 1/2-1/2

[Event "HUN-chT2 Erkel 1617"]
[Site "Hungary"]
[Date "2016.12.11"]
[Round "6.10"]
[White "Horvath, Jeno Kalman"]
[Black "Zamodics, Ferenc"]
[Result "1/2-1/2"]
[WhiteElo "1996"]
[BlackElo "1811"]
[PlyCount "31"]
[EventDate "2016.09.25"]
[EventType "team-tourn"]
[EventRounds "11"]
[EventCountry "HUN"]
[SourceTitle "EXT 2021"]
[Source "ChessBase"]
[SourceDate "2020.10.23"]
[SourceVersion "1"]
[SourceVersionDate "2020.10.23"]
[SourceQuality "1"]
[WhiteTeam "Fot"]
[BlackTeam "Szada GSBE"]
[WhiteTeamCountry "HUN"]
[BlackTeamCountry "HUN"]

1. e4 c5 2. c3 e6 3. Nf3 Nc6 4. d4 cxd4 5. Nxd4 Nf6 6. Nxc6 bxc6 7. Bd3 d5 8. Nd2 Bd6 9. Qe2 Qc7 10. exd5 cxd5 11. Bb5+ Bd7 12. Bxd7+ Nxd7 13. Nf3 0-0 14. 0-0 Ne5 15. Nxe5 Bxe5 16. h3 1/2-1/2

[Event "HUN-chT2 Erkel 1617"]
[Site "Hungary"]
[Date "2016.09.25"]
[Round "1.10"]
[White "Zamodics, Ferenc"]
[Black "Csizmadia, Lajos"]
[Result "0-1"]
[WhiteElo "1811"]
[BlackElo "1814"]
[PlyCount "98"]
[EventDate "2016.09.25"]
[EventType "team-tourn"]
[EventRounds "11"]
[EventCountry "HUN"]
[SourceTitle "EXT 2021"]
[Source "ChessBase"]
[SourceDate "2020.10.23"]
[SourceVersion "1"]
[SourceVersionDate "2020.10.23"]
[SourceQuality "1"]
[WhiteTeam "Szada GSBE"]
[BlackTeam "Gyongyos Matra"]
[WhiteTeamCountry "HUN"]
[BlackTeamCountry "HUN"]

1. d4 g6 2. c4 Nf6 3. Nc3 Bg7 4. e4 d6 5. Bd3 e5 6. d5 0-0 7. Nge2 Nbd7 8. f3 Nc5 9. Bc2 a5 10. Be3 b6 11. 0-0 Ne8 12. g4 f5 13. exf5 gxf5 14. gxf5 Bxf5 15. Ne4 Bxe4 16. fxe4 Rxf1+ 17. Qxf1 Qf6 18. Qh3 Qg6+ 19. Ng3 Nf6 20. Kh1 Qg4 21. Qxg4 Nxg4 22. Bxc5 bxc5 23. Nf5 Nh6 24. Ne7+ Kf7 25. Nc6 Ke8 26. Rf1 Nf7 27. Rf3 Bh6 28. Ra3 Bd2 29. Rb3 Nd8 30. Nb8 Ra7 31. Rd3 Bf4 32. Ba4+ Kf7 33. Rh3 h6 34. Rh5 Rb7 35. Na6 Rxb2 36. Nxc7 Rxa2 37. Bc6 a4 38. Nb5 Ke7 39. Rh3 Re2 40. Nc3 Re1+ 41. Kg2 a3 42. Kf2 Rc1 43. Ba4 Ra1 44. Bb3 Nf7 45. Kg2 Bd2 46. Rd3 Bxc3 47. Rxc3 a2 48. Rc2 Rg1+ 49. Kxg1 a1Q+ 0-1

[Event "HUN-chT2 Szechenyi 1415"]
[Site "Hungary"]
[Date "2014.11.16"]
[Round "4.7"]
[White "Kaufmann, Attila"]
[Black "Zamodics, Ferenc"]
[Result "1-0"]
[WhiteElo "1947"]
[BlackElo "1915"]
[PlyCount "87"]
[EventDate "2014.09.07"]
[EventType "team-tourn"]
[EventRounds "11"]
[EventCountry "HUN"]
[SourceTitle "EXT 2016"]
[Source "ChessBase"]
[SourceDate "2015.10.08"]
[SourceVersion "1"]
[SourceVersionDate "2015.10.08"]
[SourceQuality "1"]
[WhiteTeam "Ajka Banyasz"]
[BlackTeam "Tapolca"]
[WhiteTeamCountry "HUN"]
[BlackTeamCountry "HUN"]

1. d4 Nf6 2. Nf3 d5 3. c4 c6 4. Nc3 e6 5. cxd5 cxd5 6. e3 Nc6 7. Bb5 Bd7 8. 0-0 Bd6 9. Bd2 0-0 10. Rc1 a6 11. Bd3 Rc8 12. Qe2 Qb6 13. Na4 Qa7 14. Nc5 Bxc5 15. Rxc5 e5 16. Nxe5 Nxe5 17. Rxc8 Nxd3 18. Rxf8+ Kxf8 19. Qxd3 Bb5 20. Qa3+ Kg8 21. Rc1 Qb8 22. Qc5 Bc6 23. Bb4 h6 24. Qe7 Qc8 25. f3 Qf5 26. Qf8+ Kh7 27. Qxf7 Qd3 28. Qe6 Bd7 29. Qe5 Ne4 30. Re1 Nf6 31. Bc3 Bc6 32. g4 Bd7 33. h4 Qc2 34. Qg3 a5 35. Qg2 Qa4 36. g5 hxg5 37. hxg5 Nh5 38. g6+ Kg8 39. Qg5 Nf6 40. e4 dxe4 41. fxe4 Qxa2 42. e5 Ne8 43. Qe7 Bc6 44. Rf1 1-0

[Event "HUN-chT2 Charousek 1314"]
[Site "Hungary"]
[Date "2014.04.27"]
[Round "11"]
[White "Zamodics, Ferenc"]
[Black "Hajas, Tamas"]
[Result "0-1"]
[WhiteElo "1892"]
[BlackElo "1914"]
[PlyCount "114"]
[EventDate "2013.09.08"]
[EventType "team-tourn"]
[EventRounds "11"]
[EventCountry "HUN"]
[SourceTitle "EXT 2016"]
[Source "ChessBase"]
[SourceDate "2015.10.08"]
[SourceVersion "1"]
[SourceVersionDate "2015.10.08"]
[SourceQuality "1"]
[WhiteTeam "Alsoszolnok"]
[BlackTeam "Nagykanizsa II"]
[WhiteTeamCountry "HUN"]
[BlackTeamCountry "HUN"]

1. d4 c6 2. c4 d5 3. Nf3 Nf6 4. e3 e6 5. Nc3 Nbd7 6. Bd3 dxc4 7. Bxc4 b5 8. Bd3 Bb7 9. 0-0 a6 10. Qe2 c5 11. dxc5 Bxc5 12. Rd1 0-0 13. b3 Qe7 14. Bb2 Rfd8 15. Rac1 Rac8 16. Ng5 Bb4 17. Nce4 h6 18. Nxf6+ Nxf6 19. Nf3 Nd5 20. Nd4 Nc3 21. Bxc3 Bxc3 22. a4 b4 23. Bxa6 Rc5 24. Bxb7 Qxb7 25. Nb5 Rcd5 26. Rxd5 Qxd5 27. Nxc3 bxc3 28. Rxc3 Qd1+ 29. Qf1 Qd2 30. Rc1 Rb8 31. Rb1 Qc2 32. a5 Rxb3 33. Rxb3 Qxb3 34. Qa1 Qb7 35. a6 Qa7 36. g3 Kf8 37. Qa5 Ke8 38. Qb5+ Kd8 39. Qb7 Qxb7 40. axb7 Kc7 41. f4 Kxb7 42. g4 Kc6 43. e4 e5 44. fxe5 Kc5 45. Kf2 Kd4 46. Kf3 g5 47. e6 fxe6 48. e5 Kd5 49. Ke3 Kxe5 50. h3 Kd5 51. Kd3 e5 52. Ke3 e4 53. Ke2 Kd4 54. Kd2 e3+ 55. Ke1 Kd3 56. Kd1 e2+ 57. Ke1 Ke3 0-1

[Event "HUN-chT2 Charousek 1314"]
[Site "Hungary"]
[Date "2014.02.02"]
[Round "6"]
[White "Gyarmati, Janos"]
[Black "Zamodics, Ferenc"]
[Result "1-0"]
[WhiteElo "2030"]
[BlackElo "1892"]
[PlyCount "61"]
[EventDate "2013.09.08"]
[EventType "team-tourn"]
[EventRounds "11"]
[EventCountry "HUN"]
[SourceTitle "EXT 2016"]
[Source "ChessBase"]
[SourceDate "2015.10.08"]
[SourceVersion "1"]
[SourceVersionDate "2015.10.08"]
[SourceQuality "1"]
[WhiteTeam "Tapolca"]
[BlackTeam "Alsoszolnok"]
[WhiteTeamCountry "HUN"]
[BlackTeamCountry "HUN"]

1. e4 c5 2. Nf3 e6 3. Nc3 a6 4. g3 d6 5. Bg2 Nf6 6. 0-0 Qc7 7. d3 Be7 8. Ng5 Nc6 9. f4 h6 10. Nh3 Bd7 11. Be3 0-0-0 12. Nf2 Rdg8 13. Qd2 h5 14. h3 g6 15. Ne2 e5 16. c3 Nh7 17. d4 exd4 18. cxd4 Rd8 19. Rfc1 Qb6 20. d5 Na7 21. b4 Kb8 22. bxc5 dxc5 23. e5 Qb4 24. Nc3 Nb5 25. d6 Be6 26. Rab1 Qa5 27. a4 Nxd6 28. exd6 Rxd6 29. Rxb7+ Kc8 30. Qb2 Kd8 31. Nce4 1-0

[Event "HUN-chT2 Charousek 1314"]
[Site "Hungary"]
[Date "2013.10.20"]
[Round "3"]
[White "Zamodics, Ferenc"]
[Black "Grunwald, Matyas"]
[Result "1-0"]
[WhiteElo "1892"]
[BlackElo "2020"]
[PlyCount "105"]
[EventDate "2013.09.08"]
[EventType "team-tourn"]
[EventRounds "11"]
[EventCountry "HUN"]
[SourceTitle "EXT 2016"]
[Source "ChessBase"]
[SourceDate "2015.10.08"]
[SourceVersion "1"]
[SourceVersionDate "2015.10.08"]
[SourceQuality "1"]
[WhiteTeam "Alsoszolnok"]
[BlackTeam "Komlo Banyasz"]
[WhiteTeamCountry "HUN"]
[BlackTeamCountry "HUN"]

1. d4 Nf6 2. c4 e5 3. dxe5 Ng4 4. Nf3 Bc5 5. e3 Nc6 6. a3 a5 7. b3 Qe7 8. Bb2 Ngxe5 9. Nxe5 Nxe5 10. Be2 0-0 11. Nc3 c6 12. 0-0 f5 13. Qc2 Rf6 14. Na4 d6 15. Nxc5 dxc5 16. f4 Nd7 17. Bxf6 Nxf6 18. Qd3 Bd7 19. Rad1 Re8 20. Rf3 Kf8 21. Qd6 Qxd6 22. Rxd6 Re7 23. h3 Be8 24. Rd8 a4 25. bxa4 g6 26. Bd3 h5 27. Kf1 Kf7 28. Ke2 Nd7 29. a5 Nf6 30. Rf1 Rc7 31. Rb1 Bd7 32. Ra8 Bc8 33. Ra7 Re7 34. a6 bxa6 35. Rxe7+ Kxe7 36. Rb6 Kd6 37. Kf3 Kc7 38. Rb2 Be6 39. a4 a5 40. Rc2 Kd6 41. Rc3 Nd7 42. e4 Nb6 43. exf5 gxf5 44. Kg3 Nxa4 45. Rb3 Kc7 46. Kh4 Nb6 47. Kxh5 Nxc4 48. Bxc4 Bxc4 49. Rc3 Bd5 50. Kg5 Bxg2 51. h4 Kd6 52. h5 Bd5 53. h6 1-0

[Event "HUN-chT2 Charousek 1314"]
[Site "Hungary"]
[Date "2013.09.08"]
[Round "1"]
[White "Tegzes, Laszlo"]
[Black "Zamodics, Ferenc"]
[Result "1/2-1/2"]
[WhiteElo "2131"]
[BlackElo "1892"]
[PlyCount "62"]
[EventDate "2013.09.08"]
[EventType "team-tourn"]
[EventRounds "11"]
[EventCountry "HUN"]
[SourceTitle "EXT 2016"]
[Source "ChessBase"]
[SourceDate "2015.10.08"]
[SourceVersion "1"]
[SourceVersionDate "2015.10.08"]
[SourceQuality "1"]
[WhiteTeam "Budapest HUSI"]
[BlackTeam "Alsoszolnok"]
[WhiteTeamCountry "HUN"]
[BlackTeamCountry "HUN"]

1. e4 c5 2. c3 e6 3. d4 cxd4 4. cxd4 d5 5. exd5 exd5 6. Nf3 Nf6 7. Bd3 Nc6 8. 0-0 Be7 9. Nc3 Bg4 10. Be3 Qd7 11. Rc1 0-0 12. Ne2 Bxf3 13. gxf3 Bd6 14. Ng3 g6 15. Bg5 Be7 16. Bb5 a6 17. Bxc6 bxc6 18. Re1 Rfc8 19. Qd2 Qd6 20. Rc3 Bf8 21. Bf4 Qd7 22. Be5 Ne8 23. Rb3 Bd6 24. f4 f6 25. Bxd6 Nxd6 26. Rc3 Re8 27. b3 Rxe1+ 28. Qxe1 Re8 29. Re3 Rxe3 30. fxe3 Qe8 31. Kf2 Ne4+ 1/2-1/2

[Event "HUN-chT2 Charousek 1213"]
[Site "Hungary"]
[Date "2013.02.17"]
[Round "7"]
[White "Lovas, Miklos"]
[Black "Zamodics, Ferenc"]
[Result "1-0"]
[WhiteElo "1956"]
[BlackElo "1894"]
[PlyCount "81"]
[EventDate "2012.09.16"]
[EventType "team-tourn"]
[EventRounds "11"]
[EventCountry "HUN"]
[SourceTitle "EXT 2014"]
[Source "ChessBase"]
[SourceDate "2013.11.20"]
[SourceVersion "1"]
[SourceVersionDate "2013.11.20"]
[SourceQuality "1"]
[WhiteTeam "Penzugyor II"]
[BlackTeam "Alsoszolnok"]
[WhiteTeamCountry "HUN"]
[BlackTeamCountry "HUN"]

1. e4 c5 2. Nf3 e6 3. d4 cxd4 4. Nxd4 a6 5. Nc3 Qc7 6. Be2 b5 7. a3 Bb7 8. f4 d6 9. 0-0 Nf6 10. Bf3 Nbd7 11. Qe2 Be7 12. e5 Nd5 13. Nxd5 Bxd5 14. Bxd5 exd5 15. e6 Nc5 16. exf7+ Kf8 17. b4 Bf6 18. Be3 Qe7 19. Qf3 Ne4 20. Rad1 Qxf7 21. f5 Bxd4 22. Bxd4 Rc8 23. c3 h5 24. Qh3 Rc4 25. a4 Qc7 26. axb5 Nxc3 27. b6 Qc6 28. b7 Ne2+ 29. Kf2 Qxb7 30. Kxe2 Qxb4 31. Qd3 Kf7 32. Rf3 Rhc8 33. f6 g6 34. Rg3 Rxd4 35. Qxd4 Rc2+ 36. Kf1 Qb5+ 37. Kg1 Rc5 38. Re3 Rc7 39. Qxd5+ Qxd5 40. Rxd5 Kxf6 41. Rxd6+ 1-0

[Event "HUN-chT2 Charousek 1213"]
[Site "Hungary"]
[Date "2013.01.27"]
[Round "6"]
[White "Albert, Kornelia"]
[Black "Zamodics, Ferenc"]
[Result "1/2-1/2"]
[WhiteElo "2095"]
[BlackElo "1894"]
[PlyCount "24"]
[EventDate "2012.09.16"]
[EventType "team-tourn"]
[EventRounds "11"]
[EventCountry "HUN"]
[SourceTitle "EXT 2014"]
[Source "ChessBase"]
[SourceDate "2013.11.20"]
[SourceVersion "1"]
[SourceVersionDate "2013.11.20"]
[SourceQuality "1"]
[WhiteTeam "MLTC II"]
[BlackTeam "Alsoszolnok"]
[WhiteTeamCountry "HUN"]
[BlackTeamCountry "HUN"]

1. e4 c5 2. Nf3 e6 3. d4 cxd4 4. Nxd4 a6 5. Bd3 b5 6. Nc3 Qc7 7. Qe2 Bb7 8. a3 Nc6 9. Nxc6 Bxc6 10. 0-0 Nf6 11. e5 Nd5 12. Bd2 d6 1/2-1/2

[Event "HUN-chT2 Charousek 1213"]
[Site "Hungary"]
[Date "2012.11.04"]
[Round "3"]
[White "Zamodics, Ferenc"]
[Black "Bubits, Bence"]
[Result "0-1"]
[WhiteElo "1894"]
[BlackElo "2145"]
[PlyCount "56"]
[EventDate "2012.09.16"]
[EventType "team-tourn"]
[EventRounds "11"]
[EventCountry "HUN"]
[SourceTitle "EXT 2014"]
[Source "ChessBase"]
[SourceDate "2013.11.20"]
[SourceVersion "1"]
[SourceVersionDate "2013.11.20"]
[SourceQuality "1"]
[WhiteTeam "Alsoszolnok"]
[BlackTeam "Csuti"]
[WhiteTeamCountry "HUN"]
[BlackTeamCountry "HUN"]

1. d4 Nf6 2. c4 g6 3. Nc3 d5 4. e3 Bg7 5. Nf3 0-0 6. cxd5 Nxd5 7. Qb3 Nxc3 8. bxc3 c5 9. Be2 Nc6 10. 0-0 b6 11. dxc5 bxc5 12. Bd2 Qc7 13. Qd5 Qd6 14. Qxd6 exd6 15. Rfd1 Bf5 16. Be1 Rfd8 17. Bd3 Bxd3 18. Rxd3 Nb4 19. Rdd1 Nc2 20. Rac1 Na3 21. Nd2 Rab8 22. Nb3 Nc4 23. Rd5 a5 24. Rcd1 Bf6 25. Ra1 a4 26. Nc1 Rb2 27. Nd3 Rc2 28. Nxc5 Nb6 0-1

[Event "HUN-chT2 Szechenyi 1112"]
[Site "Hungary"]
[Date "2012.05.20"]
[Round "11.6"]
[White "Zamodics, Ferenc"]
[Black "Laszlo, Peter Miklos"]
[Result "0-1"]
[WhiteElo "1931"]
[BlackElo "1855"]
[PlyCount "100"]
[EventDate "2011.09.25"]
[EventType "team-tourn"]
[EventRounds "11"]
[EventCountry "HUN"]
[SourceTitle "EXT 2013"]
[Source "ChessBase"]
[SourceDate "2012.11.22"]
[SourceVersion "1"]
[SourceVersionDate "2012.11.22"]
[SourceQuality "1"]
[WhiteTeam "Lovo"]
[BlackTeam "Ajka Banyasz"]
[WhiteTeamCountry "HUN"]
[BlackTeamCountry "HUN"]

1. d4 g6 2. c4 Bg7 3. Nc3 d6 4. e4 Nc6 5. Be3 e5 6. d5 Nce7 7. Bd3 Nf6 8. f3 a6 9. Nge2 0-0 10. g4 c5 11. Ng3 Ne8 12. Qd2 f6 13. h4 Bd7 14. h5 g5 15. h6 Bh8 16. Nf5 Ng6 17. Ne2 b5 18. Kf2 Nf4 19. Bxf4 exf4 20. b4 Rc8 21. Rhc1 Bxf5 22. gxf5 Qb6 23. bxc5 dxc5 24. a3 Nd6 25. Rab1 a5 26. Kg2 b4 27. Qc2 Qc7 28. Kh3 Nf7 29. Qd2 Nxh6 30. Rg1 Bg7 31. axb4 axb4 32. Bc2 Nf7 33. Bb3 Rfd8 34. Nc1 Ne5 35. Qf2 h5 36. Ne2 Nxf3 37. Qxf3 g4+ 38. Rxg4 hxg4+ 39. Qxg4 Re8 40. Bc2 f3 41. Qxf3 Bh6 42. Rg1+ Bg5 43. Nf4 Qh7+ 44. Nh5 Ra8 45. Kg4 Kf7 46. Rh1 Rg8 47. Qd1 Qh6 48. Kf3 Bd2 49. Kf2 Qe3+ 50. Kf1 Ra1 0-1

[Event "HUN-chT4 1112"]
[Site "Hungary"]
[Date "2012.05.13"]
[Round "9.1"]
[White "Zamodics, Ferenc"]
[Black "Kovacs, Dezso"]
[Result "0-1"]
[WhiteElo "1931"]
[BlackElo "1958"]
[PlyCount "112"]
[EventDate "2011.09.11"]
[EventType "team-tourn"]
[EventRounds "9"]
[EventCountry "HUN"]
[SourceTitle "EXT 2016"]
[Source "ChessBase"]
[SourceDate "2015.10.08"]
[SourceVersion "1"]
[SourceVersionDate "2015.10.08"]
[SourceQuality "1"]

1. d4 Nf6 2. c4 e6 3. Nc3 d5 4. e3 c6 5. Nf3 Nbd7 6. Qc2 a6 7. b3 Bb4 8. Bd2 0-0 9. Bd3 Re8 10. a3 Bd6 11. Ne5 Nxe5 12. dxe5 Bxe5 13. Rd1 Qe7 14. a4 d4 15. exd4 Bxd4 16. 0-0 h6 17. Bf4 Bb6 18. Bd6 Qd8 19. Be5 Nd7 20. b4 Bc7 21. Bd4 Qe7 22. c5 e5 23. Be3 Nf6 24. f3 Nd5 25. Nxd5 cxd5 26. Bh7+ Kh8 27. Rxd5 Be6 28. Rd2 g6 29. Bxg6 fxg6 30. Qxg6 Qh7 31. Qf6+ Qg7 32. Qh4 Bd8 33. Qxh6+ Qxh6 34. Bxh6 Bb3 35. a5 Ba4 36. Re1 Bc6 37. Rde2 Bc7 38. Bc1 Re6 39. Bb2 Rae8 40. f4 Kg7 41. fxe5 Kg6 42. h3 Kh5 43. g4+ Kh4 44. Kh2 Rf8 45. Bd4 Rf3 46. Bf2+ Kg5 47. Bd4 Kh4 48. Bf2+ Kg5 49. Bg3 Rb3 50. Rf2 Rxb4 51. Rff1 Rb2+ 52. Bf2 Bxa5 53. h4+ Kg6 54. Rd1 Rd2 55. h5+ Kg7 56. Rxd2 Bxd2 0-1

[Event "HUN-chT2 Szechenyi 1112"]
[Site "Hungary"]
[Date "2012.03.12"]
[Round "7.7"]
[White "Soos, Lajos"]
[Black "Zamodics, Ferenc"]
[Result "0-1"]
[WhiteElo "2028"]
[BlackElo "1931"]
[PlyCount "106"]
[EventDate "2011.09.25"]
[EventType "team-tourn"]
[EventRounds "11"]
[EventCountry "HUN"]
[SourceTitle "EXT 2013"]
[Source "ChessBase"]
[SourceDate "2012.11.22"]
[SourceVersion "1"]
[SourceVersionDate "2012.11.22"]
[SourceQuality "1"]
[WhiteTeam "Keszthely"]
[BlackTeam "Lovo"]
[WhiteTeamCountry "HUN"]
[BlackTeamCountry "HUN"]

1. e4 c5 2. Nf3 e6 3. d4 cxd4 4. Nxd4 a6 5. Be3 Qc7 6. Bd3 b5 7. 0-0 Bb7 8. Qe2 Nf6 9. Nd2 d5 10. Bg5 dxe4 11. Nxe4 Qe5 12. Nxf6+ gxf6 13. Be3 Qd5 14. f3 f5 15. c4 bxc4 16. Bxc4 Qe5 17. f4 Qf6 18. Nf3 Nd7 19. Rad1 Bc5 20. Rxd7 Bxe3+ 21. Qxe3 Kxd7 22. Rd1+ Ke8 23. Ne5 Rd8 24. Rd4 Rf8 25. g3 Qe7 26. Kf2 Rxd4 27. Qxd4 f6 28. Nd3 Kf7 29. Nc5 Bc8 30. Nxa6 Bxa6 31. Bxa6 Rd8 32. Qe3 Qb4 33. Qc3 Rd2+ 34. Ke1 Rxb2 35. Qxb4 Rxb4 36. Bd3 Rb2 37. Be2 Rxa2 38. Kf2 h6 39. h3 e5 40. fxe5 fxe5 41. Kf3 Ra3+ 42. Kf2 Ke6 43. Bc4+ Kd6 44. Bf7 e4 45. h4 Ke5 46. Bg6 Kd4 47. Bh5 Ra2+ 48. Be2 Ke5 49. h5 f4 50. gxf4+ Kxf4 51. Kf1 Ke3 52. Bg4 Rf2+ 53. Ke1 Rg2 0-1

[Event "HUN-chT4 1112"]
[Site "Hungary"]
[Date "2011.12.18"]
[Round "4.3"]
[White "Zamodics, Ferenc"]
[Black "Acs, Gyorgy"]
[Result "1-0"]
[WhiteElo "1931"]
[BlackElo "1831"]
[PlyCount "109"]
[EventDate "2011.09.11"]
[EventType "team-tourn"]
[EventRounds "9"]
[EventCountry "HUN"]
[SourceTitle "EXT 2016"]
[Source "ChessBase"]
[SourceDate "2015.10.08"]
[SourceVersion "1"]
[SourceVersionDate "2015.10.08"]
[SourceQuality "1"]

1. d4 Nf6 2. c4 g6 3. Nc3 Bg7 4. e4 d6 5. f3 0-0 6. Bd3 Nbd7 7. Nge2 c5 8. Be3 Qb6 9. b3 e5 10. d5 a6 11. 0-0 Qd8 12. Qd2 Ne8 13. g4 Nb6 14. Ng3 f6 15. Kg2 g5 16. Rh1 Kf7 17. h4 h6 18. hxg5 hxg5 19. Rh3 Rh8 20. Rah1 Rxh3 21. Rxh3 Nd7 22. Nf5 Nf8 23. Ne2 Bxf5 24. gxf5 Ke7 25. Qe1 Kd7 26. Nc3 Qc7 27. Na4 Rd8 28. b4 b6 29. Rh1 Rb8 30. Qd2 Qd8 31. Rb1 Ke7 32. Qe1 Nd7 33. Qg1 a5 34. bxa5 bxa5 35. Bd2 Rxb1 36. Qxb1 Qa8 37. Qb5 Nc7 38. Qxa5 Qxa5 39. Bxa5 Na6 40. a3 Bf8 41. Bc2 Kf7 42. Nb6 Ndb8 43. Ba4 Be7 44. Nc8 Kf8 45. Bb5 Kf7 46. Kg3 Kf8 47. Kg4 Kf7 48. Kh5 Bf8 49. Bb6 Be7 50. Kh6 Bf8+ 51. Kh7 Be7 52. Ba5 Bf8 53. Bd8 Bg7 54. Nxd6+ Kf8 55. Ne8 1-0

[Event "HUN-chT4 1112"]
[Site "Hungary"]
[Date "2011.12.04"]
[Round "3.2"]
[White "Horvath, Gabor"]
[Black "Zamodics, Ferenc"]
[Result "1-0"]
[WhiteElo "2100"]
[BlackElo "1931"]
[PlyCount "45"]
[EventDate "2011.09.11"]
[EventType "team-tourn"]
[EventRounds "9"]
[EventCountry "HUN"]
[SourceTitle "EXT 2016"]
[Source "ChessBase"]
[SourceDate "2015.10.08"]
[SourceVersion "1"]
[SourceVersionDate "2015.10.08"]
[SourceQuality "1"]

1. e4 c5 2. Nf3 e6 3. d4 cxd4 4. Nxd4 a6 5. Bd3 Qc7 6. 0-0 b5 7. a4 b4 8. Nd2 Bb7 9. a5 Ne7 10. Re1 Nbc6 11. N2b3 d5 12. Nf3 Ne5 13. Nxe5 Qxe5 14. f4 Qc7 15. e5 Nc6 16. Be3 Be7 17. Qe2 d4 18. Nxd4 Nxa5 19. f5 Qxe5 20. fxe6 fxe6 21. Nxe6 Qxe6 22. Rxa5 Bd5 23. Qh5+ 1-0